| 000 | 00668nam a2200217 a 4500 | ||
|---|---|---|---|
| 005 | 20240614063710.0 | ||
| 008 | 991125s1943 new 000 0 eng u | ||
| 035 | _aUPN01000036621 | ||
| 049 | _aCG | ||
| 050 | 4 |
_aPE1128 A2 _bG3.4 |
|
| 100 | 1 |
_aGates, Arthur Irving, _d1890-1972 |
|
| 245 | 1 | 0 |
_aManual for let's go ahead / _cby Arthur I. Gates and Jean Ayer ; with assistance of Mary M. Bartlett |
| 260 |
_aNew York : _bMacMillan, _c1943 |
||
| 300 | _av, 287 p | ||
| 440 | 0 | _aNew York-Play books | |
| 650 | 4 |
_aInglés _xEstudio y enseñanza _918 |
|
| 700 | 2 |
_aAyer, Jean, _ecoaut. |
|
| 700 | 2 |
_aBartlett, Mary M., _ecolab. |
|
| 904 |
_aAC _b036622 |
||
| 905 | _aLibro | ||
| 999 |
_c36621 _d36621 |
||